000 00942nam a2200301Ia 4500
003 OSt
005 20221007123948.0
006 a|||||r|||| 00| 0
007 ta
008 221006b |||||||| |||| 00| 0 eng d
020 _a9781891389498 (pbk)
024 _a82868
037 _cTextbook
040 _aCDL
_cCDL
_beng
041 _2eng
_aeng
082 _aE:24, P8;1-;2 Carc
100 _aHanson Robert M
_9718217
245 0 _aIntroduction to molecular thermodynamics
_b Green Susan
260 _aSausalito,
_bCalifornia University Science Books
_c2008
300 _axvii, 296p.
_ccm.
500 _aAppendix A-E, 255-286p.; Index 293-296p.
650 _a Molecular dynamics
650 _a Molecular thermodynamics
_9718218
650 _aChemisty
_9718219
700 _a Green Susan
_9718220
942 _hE:24, P8;1-;2 Carc
_cTB
_2CC
999 _c1212723
_d1212723